00310 2200133 4500001002100000005001500021035002000036245005100056100001400107300001200121260002100133082001000154990001200164INLIS00000000000226720250527025606 a0010-05250005591 aPanduan Belajar Kelas 3 SMU IA/IS /cPrimagama0 aPrimagama a130 hlm bPrimagama,c2003 a025.5 a0712724